Projektfinanzierung Wirtschaftliche und rechtliche Aspekte einer Finanzierungsmethode für Grossprojekte

Salvato in:
Dettagli Bibliografici
Altri autori: Backhaus, Klaus, Sandrock, Otto, Schill, Jörg, Uekermann, Heinrich
Natura: Libro
Lingua:tedesco
Pubblicazione: Stuttgart Poeschel 1990
Edizione:1. Aufl.
Soggetti:
Tags: Aggiungi Tag
Nessun Tag, puoi essere il primo ad aggiungerne!!

MARC

LEADER 00000nam a2200000 4500
001 c011401
005 20221206123034.4
020 |a 3-7910-0531-6 
041 0 |a ger 
044 |a DE 
245 1 0 |a Projektfinanzierung  |b Wirtschaftliche und rechtliche Aspekte einer Finanzierungsmethode für Grossprojekte  |c Edit. Klaus Backhaus, Otto Sandrock, Jörg Schill, Heinrich Uekermann 
250 |a 1. Aufl. 
264 1 |a Stuttgart  |b Poeschel  |c 1990 
300 |a 154 s. 
610 2 0 |a projekty 
610 2 0 |a projekty investičné 
610 2 0 |a financovanie 
610 2 0 |a banky 
610 2 0 |a štúdie prípadové 
610 2 0 |a rozvoj hospodársky 
610 2 0 |a dodávatelia 
700 1 |a Backhaus, Klaus 
700 1 |a Sandrock, Otto 
700 1 |a Schill, Jörg 
700 1 |a Uekermann, Heinrich